Normal view
MARC view
Entry Personal Name
001 - CONTROL NUMBER
- control field: 12926
003 - CONTROL NUMBER IDENTIFIER
- control field: BD-RjUL
005 - DATE AND TIME OF LATEST TRANSACTION
- control field: 20240509105354.0
008 - FIXED-LENGTH DATA ELEMENTS
- fixed length control field: 240509|| aca||aabn | a|a d
040 ## - CATALOGING SOURCE
- Original cataloging agency: BD-RjUL
- Transcribing agency: BD-RjUL
100 ## - HEADING--PERSONAL NAME
- Personal name: SHAHNEWAZ, SHARMIN
670 ## - SOURCE DATA FOUND
- Source citation: Work cat.: (BD-RjUL)83699: SHAHNEWAZ, SHARMIN, ANTHER CULTURE AND SOMATIC EMBRYOGENESIS IN RICE (ORYZA SATIVA L.) /, 2006